Red hat linux network management tool (0 07 212262 5)

Uloženo v:
Podrobná bibliografie
Hlavní autor: STEVE MAXWELL
Médium: Kniha
Jazyk:Undetermined
Vydáno: McGraw-Hill 2000
Témata:
Tagy: Přidat tag
Žádné tagy, Buďte první, kdo otaguje tento záznam!
Thư viện lưu trữ: Trung tâm Học liệu Trường Đại học Cần Thơ
LEADER 00453nam a2200157Ia 4500
001 CTU_49347
008 210402s9999 xx 000 0 und d
082 |a 005.4469 
082 |b M465 
100 |a STEVE MAXWELL 
245 0 |a Red hat linux network management tool (0 07 212262 5) 
245 0 |c STEVE MAXWELL 
260 |b McGraw-Hill 
260 |c 2000 
650 |a linux ( computer programs ) 
980 |a Trung tâm Học liệu Trường Đại học Cần Thơ